000 01566nam a2200493 i 4500
001 38756
003 KOSZ 005
005 20220331140835.0
008 991206s1999 pl a |000 0 pol
015 _aUWD 1999/19194
020 _a8388048163
035 _a991012221439705066
035 _a(PL-WaBN)b13310215-48omnis_nlop
035 _ab13310215
035 _a(OCoLC)749317180
035 _azz2007873055
035 _a(PL)b0000001331021
035 _a(EXLNZ-48OMNIS_NETWORK)9910138957305606
040 _aWA N
_cWA N
_dKOSZ 005/HR
041 0 _apol
046 _k38756
080 _a311
080 _a519.2
080 _a(075.8)
100 1 _aIgnatczyk, Walentyna
_eAutor
245 1 0 _aStatystyka :
_bteoria i zastosowanie /
_cWalentyna Ignatczyk, Maria Chromińska.
250 _aWyd. 2.
260 _aPoznań :
_bWydawnictwo Wyższej Szkoły Bankowej,
_c1999.
300 _a315, [1] s. :
_bwykr. ;
_c24 cm.
336 _aTekst
_btxt
_2rdacontent
337 _aBez urządzenia pośredniczącego
_bn
_2rdamedia
338 _aWolumin
_bnc
_2rdacarrier
380 _aKsiążki
388 _a2001-
504 _aBibliogr. s. [316].
650 7 _aStatystyka
_2DBN
655 7 _aPodręczniki akademickie
_2DBN
658 _aMatematyka
700 1 _aChromińska, Maria
_eAutor
710 2 _aWydawnictwo Wyższej Szkoły Bankowej (Poznań)
856 _uhttp://koha.tu.koszalin.pl/cgi-bin/koha/opac-detail.pl?biblionumber=38756
_yKatalog online BPK
942 _2UKD
_cKS
999 _c38756
_d38756